000 00752nam a2200241 i 4500
001 bg
100 1 _aCHOCHOWSKI, Andrzej.
245 1 0 _aSłoneczne instalacje grzewcze /
_cAndrzej Chochowski, Dariusz Czekalski.
260 _aWarszawa :
_bCentralny Ośrodek Informacji Budownictwa,
_c1999.
300 _a126, [1] s., [16] s. tabl. kolor. :
_bfot., 1 mapa, rys., wykr. ;
_c21 cm.
504 _aBibliogr. s. 126-[127].
650 9 _aEnergetyka słoneczna
650 9 _aOgrzewanie
_xurządzenia
655 _aPoradniki
700 1 _aCZEKALSKI, Dariusz.
020 _a838539365X
040 _cBPK
041 0 _apl
080 _a697:620.9:551.52](083.1)
920 _a83-85393-65-X
942 _cKS
008 s pl f |000 0 pol
999 _c36870
_d36870
856 _uhttp://koha.tu.koszalin.pl/cgi-bin/koha/opac-detail.pl?biblionumber=36870
_yKatalog online BPK